Észak-Olaszország turisztikai jelentősége

Bibliográfiai részletek
Szerző: Jakab Fanni
További közreműködők: Egedy Dr. Tamás
Dokumentumtípus: Diplomadolgozat
Kulcsszavak:észak-olasz
Észak-Olaszország
Online Access:http://dolgozattar.uni-bge.hu/18382

MARC

LEADER 00000nta a2200000 i 4500
001 dolg18382
005 20190228155724.0
008 181128suuuu hu om 000 hun d
040 |a BGE Dolgozattár Repozitórium  |b hun 
041 |a hu 
100 1 |a Jakab Fanni 
245 1 0 |a Észak-Olaszország turisztikai jelentősége  |c Jakab Fanni  |h [elektronikus dokumentum] 
695 |a észak-olasz 
695 |a Észak-Olaszország 
700 1 |a Egedy Dr. Tamás  |e ths 
856 4 0 |u http://dolgozattar.uni-bge.hu/18382/1/jakabfanni_ibp7yl_Tvtur.pdf  |z Dokumentum-elérés